000
00270nam a22001097a 4500
082
_a
030
_b
KNA/S-3
100
_a
KNAPP,BRIAN
245
_a
SCIENCE IN OUR WORLD : SOUNDS AND MUSIC
260
_a
UK
_b
ATLANTIC EUROPE PUBLISHING
650
_a
GENERAL KNOWLEDGE
_z
UK
942
_c
BK
999
_c
1981
_d
1981